00535nam a2200169Ia 4500008004100000020001800041050002300059082002200082100001700104245011100121260002800232300002000260440001000280600001700290650003100307700002700338120905s9999 xx 000 0 und d a968-18-5770-4 aHD30.37 C3718 2000 a343.72 C426c 2000 aChase, Larry aComercio electronico : Tácticas probadas para hacer negocios en internet / Larry Chase ; Nancy C. Hanger aMéxico : Limusac2000 a304 p. ; 23 cm. aWiley aChase, Larry a1. Comercio Electrónico. aI. Hanger, Nancy C.Ì